Introduction to Information Systems / (Record no. 98)
[ view plain ]
| 000 -LEADER | |
|---|---|
| fixed length control field | 00970cac a22002651u 4500 |
| 008 - FIXED-LENGTH DATA ELEMENTS--GENERAL INFORMATION | |
| fixed length control field | 080831t2005 xxu|||||r|||| 00| 0 eng d |
| 010 ## - LIBRARY OF CONGRESS CONTROL NUMBER | |
| LC control number | 2003116665 |
| 020 ## - INTERNATIONAL STANDARD BOOK NUMBER | |
| International Standard Book Number | 0072890428 |
| 035 ## - SYSTEM CONTROL NUMBER | |
| System control number | (DLC) 2003116665 |
| 082 04 - DEWEY DECIMAL CLASSIFICATION NUMBER | |
| Classification number | 658.4038011 |
| Item number | OBR |
| Edition number | 22 |
| 100 ## - MAIN ENTRY--PERSONAL NAME | |
| Personal name | O'Brien, James A., |
| 9 (RLIN) | 20948 |
| 245 10 - TITLE STATEMENT | |
| Title | Introduction to Information Systems / |
| Statement of responsibility, etc | James A. O'Brien. |
| 250 ## - EDITION STATEMENT | |
| Edition statement | 12th ed. |
| 260 ## - PUBLICATION, DISTRIBUTION, ETC. (IMPRINT) | |
| Place of publication, distribution, etc | Boston : |
| Name of publisher, distributor, etc | McGraw-Hill/Irwin, 2005 |
| Date of publication, distribution, etc | c2005. |
| 300 ## - PHYSICAL DESCRIPTION | |
| Extent | 1 v. (various pagings) : |
| Other physical details | col. ill. ; |
| Dimensions | 29 cm. + |
| Accompanying material | 1 CD-ROM (4 3/4 in.) |
| 500 ## - GENERAL NOTE | |
| General note | "Registration code" inserted. |
| 650 #0 - SUBJECT ADDED ENTRY--TOPICAL TERM | |
| Topical term or geographic name as entry element | Business |
| General subdivision | Data processing. |
| 9 (RLIN) | 20949 |
| Source of heading or term | BUEsh |
| 650 #0 - SUBJECT ADDED ENTRY--TOPICAL TERM | |
| Topical term or geographic name as entry element | Management |
| General subdivision | Data processing. |
| 9 (RLIN) | 20950 |
| Source of heading or term | BUEsh |
| 650 #0 - SUBJECT ADDED ENTRY--TOPICAL TERM | |
| Topical term or geographic name as entry element | Management information systems. |
| 9 (RLIN) | 20951 |
| Source of heading or term | BUEsh |
| 650 #0 - SUBJECT ADDED ENTRY--TOPICAL TERM | |
| Topical term or geographic name as entry element | Electronic commerce. |
| 9 (RLIN) | 20952 |
| Source of heading or term | BUEsh |
| 651 ## - SUBJECT ADDED ENTRY--GEOGRAPHIC NAME | |
| Source of heading or term | BUEsh |
| 856 41 - ELECTRONIC LOCATION AND ACCESS | |
| Materials specified | Table of contents |
| Uniform Resource Identifier | <a href="http://www.loc.gov/catdir/toc/mh041/2003116665.html">http://www.loc.gov/catdir/toc/mh041/2003116665.html</a> |
| 365 ## - TRADE PRICE | |
| Price amount | 135 LE |
| 942 ## - ADDED ENTRY ELEMENTS (KOHA) | |
| Item type | Book - Borrowing |
| Call number prefix | 658.4038 OBR |
| Source of classification or shelving scheme | Dewey Decimal Classification |
| Withdrawn status | Item status | Source of classification or shelving scheme | Materials specified (bound volume or other part) | Damaged status | Not for loan | Vendor | Home library | Current library | Shelving location | Date acquired | Source of acquisition | Cost, normal purchase price | Total Checkouts | Full call number | Barcode | Date last seen | Cost, replacement price | Koha item type | Total Renewals | Date last borrowed |
|---|---|---|---|---|---|---|---|---|---|---|---|---|---|---|---|---|---|---|---|---|
| Lost | Dewey Decimal Classification | Lost In Inventory_2015-8-23 | Central Library | Central Library | First floor | 21/12/2005 | Purchase | 180.00 | 3 | 658.4038011 OBR | 000004682 | 08/07/2010 | 225.00 | Book - Borrowing | ||||||
| Dewey Decimal Classification | Central Library | Central Library | First floor | 06/02/2013 | Purchase | 180.00 | 12 | 658.4038011 OBR | 000004525 | 15/07/2025 | 225.00 | Book - Borrowing | 25 | 25/10/2020 | ||||||
| Dewey Decimal Classification | Central Library | Central Library | First floor | 06/02/2015 | Purchase | 180.00 | 6 | 658.4038011 OBR | 000004508 | 15/07/2025 | 225.00 | Book - Borrowing | 28 | 16/10/2014 | ||||||
| Dewey Decimal Classification | Central Library | Central Library | First floor | 06/02/2015 | Purchase | 180.00 | 14 | 658.4038011 OBR | 000004507 | 15/07/2025 | 225.00 | Book - Borrowing | 27/12/2017 | |||||||
| Dewey Decimal Classification | Central Library | Central Library | First floor | 06/02/2015 | Purchase | 180.00 | 16 | 658.4038011 OBR | 000004506 | 15/07/2025 | 225.00 | Book - Borrowing | 7 | 22/04/2019 | ||||||
| Dewey Decimal Classification | Central Library | Central Library | First floor | 06/02/2015 | Purchase | 180.00 | 8 | 658.4038011 OBR | 000004505 | 15/07/2025 | 225.00 | Book - Borrowing | 12 | 10/05/2015 | ||||||
| Dewey Decimal Classification | Central Library | Central Library | First floor | 06/02/2015 | Purchase | 180.00 | 9 | 658.4038011 OBR | 000004504 | 15/07/2025 | 225.00 | Book - Borrowing | 5 | 12/11/2015 | ||||||
| Dewey Decimal Classification | Central Library | Central Library | First floor | 06/02/2015 | Purchase | 180.00 | 14 | 658.4038011 OBR | 000004503 | 15/07/2025 | 225.00 | Book - Borrowing | 7 | 13/02/2017 | ||||||
| Dewey Decimal Classification | Central Library | Central Library | First floor | 06/02/2015 | Purchase | 180.00 | 11 | 658.4038011 OBR | 000004502 | 15/07/2025 | 225.00 | Book - Borrowing | 32 | 19/02/2017 | ||||||
| Dewey Decimal Classification | Central Library | Central Library | First floor | 06/02/2015 | Purchase | 180.00 | 11 | 658.4038011 OBR | 000004299 | 15/07/2025 | 225.00 | Book - Borrowing | 16 | 11/02/2018 | ||||||
| Dewey Decimal Classification | Central Library | Central Library | First floor | 08/01/2009 | Purchase | 180.00 | 658.4038011 OBR | 000004501 | 15/07/2025 | 225.00 | NB - Book (Non borrowing) | |||||||||
| Dewey Decimal Classification | Central Library | Central Library | First floor | 04/11/2010 | Purchase | 180.00 | 658.4038011 OBR | 000022503 | 24/08/2022 | 225.00 | CD | DVD - (NB) |